Welcome to WEB OPAC of MRSPTU Central Library

Power System Protection: Static Relays (Record no. 108)

MARC details
000 -LEADER
fixed length control field 00472nam a2200181Ia 4500
008 - FIXED-LENGTH DATA ELEMENTS--GENERAL INFORMATION
fixed length control field 230711s9999||||xx |||||||||||||| ||und||
020 ## - INTERNATIONAL STANDARD BOOK NUMBER
International Standard Book Number 978-0-07-107774-3
041 ## - LANGUAGE CODE
Language code of text/sound track or separate title ENG
082 ## - DEWEY DECIMAL CLASSIFICATION NUMBER
Classification number 621.319
Item number BA-P
100 ## - MAIN ENTRY--PERSONAL NAME
Personal name Ram,Badri
245 #0 - TITLE STATEMENT
Title Power System Protection: Static Relays
250 ## - EDITION STATEMENT
Edition statement 1st Ed.
260 ## - PUBLICATION, DISTRIBUTION, ETC.
Date of publication, distribution, etc. 2011
Place of publication, distribution, etc. New Delhi
Name of publisher, distributor, etc. Tata McGraw Hill Education Limited
300 ## - PHYSICAL DESCRIPTION
Extent 670
650 ## - SUBJECT ADDED ENTRY--TOPICAL TERM
Topical term or geographic name entry element Electrical Engineering
700 ## - ADDED ENTRY--PERSONAL NAME
Personal name Vishwakarma,D.N
942 ## - ADDED ENTRY ELEMENTS (KOHA)
Koha item type Book
Holdings
Withdrawn status Lost status Damaged status Not for loan Collection Home library Current library Date acquired Total checkouts Full call number Barcode Date last seen Price effective from Koha item type Date last checked out
          MRSPTU Central Library MRSPTU Central Library     621.319 BA-P 681 08/17/2023 08/17/2023 Book  
          MRSPTU Central Library MRSPTU Central Library     621.319 BA-P 682 08/17/2023 08/17/2023 Book  
          MRSPTU Central Library MRSPTU Central Library     621.319 BA-P 683 08/17/2023 08/17/2023 Book  
          MRSPTU Central Library MRSPTU Central Library     621.319 BA-P 684 08/17/2023 08/17/2023 Book  
          MRSPTU Central Library MRSPTU Central Library     621.319 BA-P 685 08/17/2023 08/17/2023 Book  
          MRSPTU Central Library MRSPTU Central Library     621.319 BA-P 15197 08/17/2023 08/17/2023 Book  
          MRSPTU Central Library MRSPTU Central Library   1 621.319 BA-P 15198 01/31/2024 08/17/2023 Book 01/04/2024
          MRSPTU Central Library MRSPTU Central Library     621.319 BA-P 19771 08/17/2023 08/17/2023 Book  
          MRSPTU Central Library MRSPTU Central Library     621.319 BA-P 19772 08/17/2023 08/17/2023 Book  
          MRSPTU Central Library MRSPTU Central Library     621.319 BA-P 19773 08/17/2023 08/17/2023 Book  
          MRSPTU Central Library MRSPTU Central Library     621.319 BA-P 19774 08/17/2023 08/17/2023 Book  
          MRSPTU Central Library MRSPTU Central Library     621.319 BA-P 19775 08/17/2023 08/17/2023 Book  
          MRSPTU Central Library MRSPTU Central Library     621.319 BA-P PBB681 08/17/2023 08/17/2023 Book  
          MRSPTU Central Library MRSPTU Central Library     621.319 BA-P PBB682 08/17/2023 08/17/2023 Book  
          MRSPTU Central Library MRSPTU Central Library     621.319 BA-P PBB683 08/17/2023 08/17/2023 Book  
          MRSPTU Central Library MRSPTU Central Library     621.319 BA-P PBB684 08/17/2023 08/17/2023 Book  
          MRSPTU Central Library MRSPTU Central Library     621.319 BA-P PBB685 08/17/2023 08/17/2023 Book  

Website Designed and Developed by MRSPTU Central Library Team

E-mail Id: librarian@mrsptu.ac.in